Inovativnost produktu: globální faktor úspěchu inovací na trzích
Výskum faktorov úspechu inovácií. Inovatívnosť produktu, konštrukcia. Vplyv inovatívnosti produktu na úspech. Akú úlohu hrá stupeň novosti inovácie. Majú väčší prínos inovácie nízkeho stupňa novosti alebo inovácie vysokého stupňa novosti.
Salvato in:
| Autore principale: | |
|---|---|
| Natura: | Capitolo di libro |
| Lingua: | ceco |
| Soggetti: | |
| Tags: |
Nessun Tag, puoi essere il primo ad aggiungerne!!
|
MARC
| LEADER | 00000nla$a2200000$$$4500 | ||
|---|---|---|---|
| 001 | 0150494 | ||
| 005 | 20221103131408.4 | ||
| 041 | 0 | |a cze | |
| 044 | |a SK | ||
| 245 | 1 | 0 | |a Inovativnost produktu: globální faktor úspěchu inovací na trzích |c Ondřej Žižlavský |
| 520 | |a Výskum faktorov úspechu inovácií. Inovatívnosť produktu, konštrukcia. Vplyv inovatívnosti produktu na úspech. Akú úlohu hrá stupeň novosti inovácie. Majú väčší prínos inovácie nízkeho stupňa novosti alebo inovácie vysokého stupňa novosti. | ||
| 610 | 2 | 0 | |a inovácia |
| 610 | 2 | 0 | |a inovácia výrobkov |
| 610 | 2 | 0 | |a efektívnosť inovácií |
| 100 | 1 | |a Žižlavský, Ondřej | |